000 00909nam a22002897a 4500
001 BR6000213
003 BR-BrBNA
005 20230928083019.0
007 ta
008 230509b bl.||||| |||| 00| 0 por d
040 _aBR-BrBNA
_bpor
_cBiblioteca Nacional de Agricultura
041 _a(Por)
072 _aF30
_b2110
090 _ 2110 BR6000213
100 1 _aPinheiro, V.A.F.
110 1 _aComissao Executiva do Plano de Recuperacao Economico-Rural da Lavoura Cacaueira, Ilheus, BA (Brasil);
_92138
110 1 _aIICA, Rio de Janeiro, GB (Brasil)
_95561
245 1 _aAlgumas consideracoes sobre selecao de clones e seu futuro [cacau]
_bCurso Internacional do Cacau
260 3 _aIlheus, BA (Brasil):
_c1970.
300 _a7 p.
500 _a10 ref.; Summary (Por)
650 _aCACAU
650 _aCLONE
650 _aSELECAO GENETICA
909 _a202309
_bLucia
_c55
_dLucia Elande
942 _cBK
999 _c11100
_d11100